000 00590nam a2200169Ia 4500
005 20250508152239.0
008 008 250505s9999 xx 000 0 eng d
037 _aBooks to be hide in OPAC
040 _aFEDL
_beng
_cFEDL
041 _aeng
_2eng
084 _a370.973, MAN/O
_qFEDL
245 0 _aEleventh annual report of the board of education together with the eleventh annual report of the secretary of the board
260 _aBoston, USA
_bDutton and Wentworth, State Printers
_c1848
300 _a135p.
942 _cHB
_h370.973, MAN/O
999 _c1335271
_d1335271